Perspectives/ (Record no. 192555)
[ view plain ]
| 000 -LEADER | |
|---|---|
| fixed length control field | 00651nam a22002057a 4500 |
| 005 - DATE AND TIME OF LATEST TRANSACTION | |
| control field | 20220927110203.0 |
| 010 ## - LCCN (DPL NO) | |
| LC control number | ENG-135192 |
| 020 ## - INTERNATIONAL STANDARD BOOK NUMBER | |
| International Standard Book Number | 9789389965766 |
| Terms of availability | 1995.00 |
| 035 ## - SYSTEM CONTROL NUMBER | |
| System control number | EN-118724 |
| 037 ## - SOURCE OF ACQUISITION | |
| Source of stock number/acquisition | DBAD/PUB |
| 082 ## - DEWEY DECIMAL CLASSIFICATION NUMBER | |
| Classification number | 954 |
| 100 ## - MAIN ENTRY--PERSONAL NAME | |
| Personal name | Mohammad Manzoor Alam |
| 245 ## - TITLE STATEMENT | |
| Title | Perspectives/ |
| Statement of responsibility, etc | by Mohammad Manzoor Alam;edited by Mohd.Zeyaul Haque and Raju Mansukhani |
| 260 ## - PUBLICATION, DISTRIBUTION, ETC. (IMPRINT) | |
| Place of publication, distribution, etc | New Delhi |
| Name of publisher, distributor, etc | Institute of Objective Studies |
| Date of publication, distribution, etc | 2018 |
| 270 ## - ADDRESS | |
| Address | 162,Jogabai Main Road,Jamia Nagar, |
| City | New Delhi |
| Postal code | 110025 |
| 300 ## - PHYSICAL DESCRIPTION | |
| Extent | vp. |
| Dimensions | 28cm(pbk) |
| 700 ## - ADDED ENTRY--PERSONAL NAME | |
| Personal name | Mohd.Zeyaul Haque |
| 700 ## - ADDED ENTRY--PERSONAL NAME | |
| Personal name | Mansukhani,Raju |
| 942 ## - ADDED ENTRY ELEMENTS (KOHA) | |
| Source of classification or shelving scheme | Dewey Decimal Classification |
| Item type | English Books |
| Classification part | 954 |
| Call number suffix | MOH |
| Withdrawn status | Lost status | Not for loan | Collection code | Home library | Current library | Date acquired | Source of acquisition | Cost, normal purchase price | Full call number | Barcode | Copy number | Cost, replacement price | Koha item type |
|---|---|---|---|---|---|---|---|---|---|---|---|---|---|
| Non-fiction | Bawana | Bawana | 27/09/2022 | DBAD/PUB | 1995.00 | 954 MOH | EN-118724 | 1 | 1995.00 | English Books |
